000 00874nam a22002777a 4500
003 CHAP
005 20220329135624.0
008 971013s r 00010 d
010 _a39479
011 _a40451
035 _a44576
040 _cCHAP
082 _a338.10973
_bE8
110 _aE.U.A. Agricultural Markenting Service
_934854
245 _aCrops and markets, v.1- , 19 -
260 _aWashington :
_bA. M. S.,
_c19 -
300 _av.
500 _aLa biblioteca tiene : v.33 1956, v.34 1957
590 _aBATCH-UPD
_b10
_c20130410
_lUCH01
_h1606
590 _aCONVERSION
_b10
_c20130109
_lUCH01
_h1322
650 1 4 _aAgricultura
_xEstadisticas
_xE.U.A.
_91431
901 _aBK
942 _cLIBRO
949 _a338.10973 E8
_bBC
_cLIBRO
_d-102069
_eLIBRO
_fv.33 1956
_h5430
_i44576
_si
949 _a338.10973 E8
_bBC
_cLIBRO
_d-102072
_eLIBRO
_fv.34 1957
_h5431
_i44576
_si
999 _c39479
_d39479